LEADER 01055nam a2200265 u 4500 001 000000072957 003 CaOOAMICUS 005 20070226122310.0 008 020625s1978 gw u000 u ger u 020 $a3406067840 035 $a10934677 040 $aPUL(R)$bita 100 1 $aSchäfer, Ingo.$0(OLS)http://pul/name/48304 245 10$aMao Tse-tung :$bEine Einführung in sein Denken /$cIngo Schäfer. 260 $aMünchen :$bverlag C.H. Beck,$c1978. 300 $a267 p. ;$c20 cm 600 04$aMao Tse-tung,$d1893-1976.$0(OLS)http://pul/subject/9709 850 $aPUL 852 $aPUL$W1$xDP1 Cons. Gen., Altre Classi 1$y22$m842 A 93$j94334$nBK-PRI$qStampati$B94334$CPULBib$Z2$F94334 $H61484 $82 941 1 $a8 960 $aMao Zedong,$d1893-1976? $99709 961 $aINV: 61484 996 $6020$a3406067840$9(OLS)http://pul/number/94146 996 $6245$aMao Tse-tung :$bEine Einführung in sein Denken$9(OLS)http://pul/title/95953 996 $6260$aMünchen :$bverlag C.H. Beck$9(OLS)http://pul/publisher/74181 LEADER 00928nam a2200241 u 4500 001 000000048905 003 CaOOAMICUS 005 20070226115042.0 008 000606s1967 it u000 u ita u 035 $a10849321 040 $aPUL(R)$bita 100 1 $aSvidercoschi, Gian Franco.$0(OLS)http://pul/name/33756 245 10$aStoria del concilio /$cGian Franco Svidercoschi. 260 $aRoma :$bAncora,$c1967. 300 $a782 p. ;$c22 cm 611 24$aConcilium Vaticanum$n(2 :$d1962-1965).$0(OLS)http://pul/subject/71 850 $aPUL 852 $aPUL$W1$xDP1 Fondo Maccarrone$y58$m1513 E 24$j65068$nBK-PRI$b $qFondi$B65068$CPULBib$Z2$F65068 $H $81 941 1 $a1 960 $aConcilio Vaticano II (1962-1965)$971 961 $aINV: 3077. Fondo Maccarrone. 996 $6245$aStoria del concilio$9(OLS)http://pul/title/65926 996 $6260$aRoma :$bAncora$9(OLS)http://pul/publisher/58171